MDQL
is popping MORE tags! Check the
thread
!
Quizzes
Events
Quiz Creation
Community
Videos
Private Events
Remove Ads
Sign In
Join for FREE
Feedback
Dark Mode
Quiz Categories
Sports
Geography
Music
Movies
Television
Just For Fun
Miscellaneous
History
Literature
Language
Science
Gaming
Entertainment
Religion
Holiday
For Kids
Quiz Lab
Recent
Popular Today
Quiz Kudos Today
Editor Picks
Curator Picks
Quizzes by...
Day
Popularity
Type
Ratings
Length
Year
Community
Subscriptions
Recent Discussions
Orange Saloon
Badges
Playlists
Quests
Create
Leaderboards
Showdown
Live 5
Trivia Bingo
Activity
Puzzle Library
Sporcle Events
Private Events
Virtual Trivia
Globe League
Become a Host
Pub Owners
SporcleCon
Opinionation
Our Games
Videos
Blog
Mobile Apps
Partnerships
Remove Ads and Go Orange
Feedback
Geography
Country
Landmarks
City
State
Population
World
Capital
Continent
Flags
Europe
Africa
Asia
South America
North America
Oceania
Border
Canada
United Kingdom
Topography
United States
Geography
Country
Landmarks
City
State
Population
World
Capital
Continent
Flags
Europe
Africa
Asia
South America
North America
Oceania
Border
Canada
United Kingdom
Topography
United States
Random Quiz
Search Sporcle
×
Quiz Lab
Quiz Lab
Geography
Canada
Type in answers that appear in a list
Type in answers that appear in a list
Classic
Best Score? Go Orange.
Canadian cities by landmark Stats
Can you name the Canadian cities by landmark?
By
Mattomic
4m
20 Questions
1,750 Plays
1,750 Plays
1,750 Plays
Comments
Comments
Give Quiz Kudos
Give Quiz Kudos
-
- Ratings
hide this ad
Forced Order
Answers have to be entered in order
Answers have to be entered in order
Replay
Link that replays current quiz
Next Quiz
Link to next quiz in quiz playlist
You Got
0%
They Got
Avg Score
51%
Avg Friend Score
Upgrade to see
Score Distribution
Jump to the score distribution portion of the page
Score
0/20
Timer
04:00
0
Plays Today
Landmark
City
% Correct
CN Tower
Toronto
99.1%
Château Frontenac
Quebec City
88.2%
Pengrowth Saddledome
Calgary
77.9%
Stanley Park
Vancouver
75.4%
Biosphere
Montreal
63.4%
Commonwealth Stadium
Edmonton
61.1%
Peace Tower
Ottawa
60%
Maid of the Mist
Niagara Falls
59.8%
Queen's University
Kingston
53.2%
Big Nickel
Sudbury
49.9%
Landmark
City
% Correct
Citadel National Historic Site
Halifax
46%
George Street (most bars per square foot of any Canadian street)
St John's
40.4%
Esplanade Riel bridge
Winnipeg
39.7%
World's first Tim Hortons
Hamilton
37.3%
Research In Motion headquarters
Waterloo
37.1%
RCMP National Training Centre and Museum
Regina
35.9%
Canada's Wonderland
Vaughan
34.9%
Canadian Museum of Civilization
Gatineau
31.9%
General Motors Assembly Plant 1
Oshawa
30.4%
Peace Arch (US/
Canada border)
Surrey
17.6%
Quiz Playlist
Details
Report
Send in Message
Add To Playlist
Classic:
Type in answers that appear in a list
Forced Order:
Answers have to be entered in order
Last Updated: Nov 21, 2022
Quiz Scoreboard
CHALLENGE
Sign Up to Join the Scoreboard
Show All
Scores
Hide
Comments
May contain spoilers
Recently Published
Two Season TV Shows II
by 123Four
Television
10m
Image Sorting: Flags VI
by Barbecue
Geography
2m
Find the 'City' Movie
by crazypaving
Movies
60s
More to Explore
Quiz From the Vault
Featured Blog Post
14 Easter Pick-up Lines to Find Eggs With
hide this ad
You Might Also Like...
Tags
Canada Quiz
City Quiz
Landmarks Quiz
Today's Top Quizzes in Geography
Browse Geography
hide this ad
Today's Top Quizzes in Canada
Browse Canada
Top Contributed Quizzes in Geography
1
Colored Red Europe Blitz I
2
Countries of the World - No Outlines Minefield
3
Colored Red Africa Blitz II
4
Colored Red Europe Blitz II
5
Colored Red Europe Blitz III
6
Colored Red Africa Blitz III
7
Colored Red States Blitz I
8
Colored Red States Blitz II
9
A Different View: World Oceans
10
Colored Red States Blitz III
Explore More
Trending Topics
Marvel
NBA
Disney
Anime
Harry Potter
Crossword
Kpop
The Office
NFL
Pokémon
Puzzle
Soccer
Song
Country
WWE
hide this ad
More By:
Mattomic
Quiz
Plays
Rating
Category
Featured
Created
Rap Lyrics in More Scholarly Language
333,438
4.64
Music
Dec 20, 2010
Famous Facial Hair
290,210
4.17
Entertainment
Dec 4, 2009
Countries by Cuisine
216,676
4.45
Geography
Mar 7, 2011
Fairly Useless Knowledge
174,764
3.58
Just For Fun
Jan 20, 2010
'90s Cartoon Theme Songs
167,834
4.02
Television
Dec 7, 2009
Go to Creator's Profile
Score Distribution
Quiz Creator Spotlight
Mattomic
Follow
Send a Message
Quizzes Created
-
Created Quiz Play Count
-
More By This Creator
Popular Quizzes Today
1
Find the US States - No Outlines Minefield
2
Colored Red Africa Blitz
3
Find the 'City' Movie
4
5x2 Blitz: Bands
5
The Countries of the World
6
Find the Countries of Europe - No Outlines Minefield
7
Find the US States
8
US States
More Geography Quizzes
3 Largest Countries by Each Letter
Published
Trending Quizzes
Colored Red Europe Blitz I
Colored Red Africa Blitz II
Colored Red Europe Blitz II
Colored Red Africa Blitz III
Even More Two Season TV Shows
Recently Updated
March Madness Men's Triple Doubles
pecheneg
How Do You Spell That?
pecheneg
Godzilla Movies
pecheneg
Grab Bag: 4-10 Letters
pecheneg
2024 March Madness Bracket
pecheneg
Famous TV Couples
Peacemaker
Champions League XIs: Real Madrid
pecheneg
Largest US Cities 1790-2010
pecheneg
Rides in Walt Disney World
pecheneg
Most Oscar Losses (Acting)
pecheneg
Trending Topics
Anime
NBA
Crossword
Disney
Harry Potter
Marvel
Kpop
The Office
Pokémon
Song
Puzzle
Country
WWE
NFL
Soccer
Your Account Isn't Verified!
In order to create a playlist on Sporcle, you need to verify the email address you used during registration. Go to your
Sporcle Settings
to finish the process.
Report this User
Report this user for behavior that violates our
Community Guidelines
.
Details:
Send Report
Go to the Sporcle.com Mobile Site →
Comments